Najbogatsze i najbiedniejsze kraje z różnych kontynentów - Statystyki

Ogólne statystyki
  • Ten quiz został rozwiązany 50 razy
  • Średni wynik to 7 z 12
Statystyki odpowiedzi
# Kontynent Państwo % Poprawnych
Najbogatsze Ameryka Północna Stany Zjednoczone
89%
Najbogatsze Australia i Oceania Australia
86%
Najbiedniejsze Europa Mołdawia
78%
Najbogatsze Europa Luksemburg
72%
Najbiedniejsze Ameryka Południowa Wenezuela
61%
Najbiedniejsze Ameryka Północna Haiti
56%
Najbogatsze Azja Singapur
56%
Najbogatsze Ameryka Południowa Gujana
50%
Najbiedniejsze Azja Jemen
42%
Najbogatsze Afryka Seszele
42%
Najbiedniejsze Australia i Oceania Wyspy Salomona
39%
Najbiedniejsze Afryka Burundi
28%
Nie znaleziono quizów pasujących do podanych kryteriów
Rozkład punktacji
Procent ludzi z każdym wynikiem
Percentyl według liczby udzielonych odpowiedzi
Twoja historia wyników
Nie rozwiązałeś tego quizu